000 00455 a2200157 4500
020 _a3540221867
040 _aDLC
082 _a610.11
100 _aStephane Cotin
245 _aMedical simulation
_cStephane Cotin
260 _aBerlin
_bSpringer
_c2004
300 _axvi, 296p.;
_bill.:
_c24cm.
700 _aDimitris Metaxas
830 _aInternational symposium, ISMA 2004 cambridge, MA, USA, June 17-18, 2004 Proceedings
942 _cBK
_k610.11 COT
_2ddc
999 _c11051
_d11051